| 000 | 00909nam a22002657a 4500 | ||
|---|---|---|---|
| 003 | DO-SdBNP | ||
| 005 | 20211229100500.0 | ||
| 007 | ta | ||
| 008 | 210921e2021 dr ||||er|||| 00| pdspa d | ||
| 040 |
_aDO-SdBNP _bspa _cBNPHU |
||
| 082 | 4 |
_222 _bM375p |
|
| 100 | 1 |
_979655 _aMarte Martich, Belkis M. |
|
| 245 | 1 | 0 |
_aPor si no amanece = In case dawun never comes / _cBelkis M. Marte; Traductor, Edagar Smith; Prólogo, Gisela Vives |
| 246 | 1 | 1 | _a In case dawun never comes |
| 260 |
_aNew York : _bBooks&smith, _c2021 |
||
| 300 |
_a140 p. [5 p.], _c23 cm |
||
| 500 | _aIncluye datos biográficos de la autora: p. [141- 142]. | ||
| 546 | _aLibro con traducción en inglés. | ||
| 590 | _aInventariado 2021 / MF | ||
| 650 | 0 |
_980898 _aArte de escribir poesía _xPoesía |
|
| 700 | 1 |
_976084 _aSmith, Edgar _d1973- _4trad. |
|
| 700 | 1 |
_aVives, Gisela, _epról. _979993 |
|
| 910 | _aMFéliz | ||
| 942 |
_2ddc _cLBS1 |
||
| 999 |
_c50615 _d50615 |
||